• 首页
  • 本馆介绍
  • 公告通知
  • 最新文献
  • 馆藏检索
  • 电子资源
  • 读者导购
  • 参考咨询
  • 我的图书馆
  • 登录
  • 详细信息显示
  • 放入我的书架
  • 预约/预借图书
  • 作者相关作品
  • 分类相关作品
  • 丛书相关作品
  • 出版社相关作品

书目信息

  • 表格格式
  • 工作单格式
  • 卡片格式
题名:
跟我学笛子
    
 
作者: 杨明 编著
分册:  
出版信息: 长沙   湖南文艺出版社  2001.08
页数: 192页
开本: 30cm
丛书名: 跟我学系列
单 册:
中图分类: J632.11
科图分类:
主题词: 笛子--吹奏法
电子资源:
ISBN: 7-5404-2588-1
000 00624nam2 2200229 45
001 0301161087
005 20041110163506.8
010    @a7-5404-2588-1@dCNY22.00
100    @a20030116d2001 km y0chiy0120 ea
101 0  @achi
105    @ag z 000yy
200 1  @a跟我学笛子@AGen Wo Xue Di Zi@f杨明编著@FYang Ming Bian Zhu
205    @a新1版@b修订版
210    @a长沙@c湖南文艺出版社@d2001.08
215    @a192页@d30cm
225    @a跟我学系列
410    @12001 @a跟我学系列
606 0  @a笛子@x吹奏法
690    @aJ632.11@v4
701  0 @a杨明@4编著
801    @aCN@bTSTC@c20030220
905    @b319431-433@dJ632.11@e35=2@f3
    
    跟我学笛子/杨明编著.-新1版,修订版.-长沙:湖南文艺出版社,2001.08
    192页;30cm.-(跟我学系列)
    
    
    ISBN 7-5404-2588-1:CNY22.00
    
●
相关链接 在E读中查询图书 在五车中查询图书 在当当中查询图书 在豆瓣中查询图书


正题名:跟我学笛子     索取号:J632.11/35=2         预约/预借

序号 登录号 条形码 馆藏地/架位号 状态 备注
1 0319431   203194319   第一借阅区/ [索取号:J632.11/35=2] 在馆    
2 0319432   203194328   第一借阅区/ [索取号:J632.11/35=2] 在馆    
3 0319433   203194337   第一样本阅览室/ [索取号:J632.11/35=2] 在馆    
唐山师范学院图书馆 欢迎您!
大连网信软件有限公司© 版权所有